000 00447nam a2200157 4500
001 124010
003 ES-MaACL
005 20230906192309.0
007 t|
008 070214s1912 ag r ||||1| spa d
100 1 _aRamm Doman, Roberto A.
_995197
245 1 0 _aManual de la Bolsa de Comercio de Buenos Aires /
_cRoberto A. Ramm Doman.
260 _aBuenos Aires :
_b[s. n.],
_c1912.
300 _a281 p. ;
_c23 cm.
852 _aES-MaACL
_jD-4067
999 _c124010
_d124010